| 000 | 00952cam a2200157ua 4500 | ||
|---|---|---|---|
| 041 |
_aeng _h |
||
| 082 |
_a631.348 _bIND/ME |
||
| 110 | 1 |
_aIndian Standards Institution . _b _c(New Delhi ) |
|
| 245 | 0 | 0 |
_aMethods of test for manually-operated sprayers, IS 10134-1982 / _cIndian Standards Institution. _hTextual Documents |
| 250 |
_a1 / _b. |
||
| 260 |
_aNew Delhi : _bIndian Standards Institution , _c1982. |
||
| 300 | _a25 ; . | ||
| 504 | _a | ||
| 942 | _cBK | ||
| 999 |
_c7762 _d7762 |
||